[Event "NCL978 SW Dragons-Midland Ms"]
[Site "Rd1"]
[Date "1997.10.25"]
[Round "1.2"]
[White "Parker, Jonathan"]
[Black "Dineley, Richard"]
[Result "1/2-1/2"]
[WhiteElo "2510"]
[BlackElo "2270"]
[PlyCount "67"]
[EventDate "1997.10.25"]
[Source "4NCL"]
[SourceDate "1998.01.01"]

1. d4 Nf6 2. c4 e6 3. Nc3 Bb4 4. e3 O-O 5. Bd3 d5 6. cxd5 exd5 7. Nge2 Re8 8.
O-O Bf8 9. f3 c5 10. Qe1 Nc6 11. Qh4 cxd4 12. exd4 Be7 13. Qf2 Be6 14. g4 Nd7
15. Bf4 a6 16. Rad1 Nf8 17. Bg3 Rc8 18. Kh1 Na5 19. Nf4 Nc4 20. b3 Na5 21. Nce2
Nc6 22. Bb1 Bd6 23. Nd3 Nb4 24. Nef4 Nxd3 25. Nxd3 b6 26. Rfe1 a5 27. Kg2 Qc7
28. Rc1 Qb8 29. Qd2 Ng6 30. Rxc8 Rxc8 31. Rc1 Rxc1 32. Qxc1 Bd7 33. Qe3 f6 34.
a4 1/2-1/2

[Event "NCL978 SW Dragons-Midland Ms"]
[Site "Rd1"]
[Date "1997.10.25"]
[Round "1.4"]
[White "Ferguson, Mark"]
[Black "Zeidler, Sven"]
[Result "1-0"]
[WhiteElo "2420"]
[BlackElo "2255"]
[PlyCount "51"]
[EventDate "1997.10.25"]
[Source "4NCL"]
[SourceDate "1998.01.01"]

1. e4 d5 2. exd5 Qxd5 3. Nf3 Nf6 4. d4 Bg4 5. Be2 Nc6 6. h3 Bh5 7. c4 Qd7 8. g4
Bg6 9. d5 Nd8 10. Ne5 Qd6 11. Bf4 Qb4+ 12. Nc3 Ne4 13. O-O Nxc3 14. bxc3 Qa5
15. Re1 f6 16. Nxg6 hxg6 17. Bd3 Kf7 18. Qf3 c6 19. Re3 Kg8 20. Bxg6 cxd5 21.
cxd5 Rc8 22. g5 Rc5 23. Rd1 Nf7 24. Qg4 Qb6 25. d6 e5 26. Qe6 1-0

[Event "NCL978 SW Dragons-Midland Ms"]
[Site "Rd1"]
[Date "1997.10.25"]
[Round "1.5"]
[White "James, David J"]
[Black "Cooper, Lawrence"]
[Result "0-1"]
[WhiteElo "2255"]
[BlackElo "2330"]
[PlyCount "80"]
[EventDate "1997.10.25"]
[Source "4NCL"]
[SourceDate "1998.01.01"]

1. d4 Nf6 2. c4 e6 3. Nc3 Bb4 4. Qc2 O-O 5. a3 Bxc3+ 6. Qxc3 Ne4 7. Qc2 f5 8.
Nf3 b6 9. g3 Bb7 10. Bg2 Qf6 11. O-O a5 12. b3 d6 13. Ng5 Qg6 14. c5 Bd5 15.
Nxe4 fxe4 16. cxd6 cxd6 17. Bf4 Rd8 18. f3 exf3 19. Qxg6 hxg6 20. Bxf3 Nc6 21.
Bxd5 exd5 22. e3 a4 23. b4 Na7 24. Rfc1 Rac8 25. e4 dxe4 26. d5 Nb5 27. Kf2 Nc3
28. Ke3 Nxd5+ 29. Kxe4 Nc3+ 30. Kd3 Nb5 31. Be3 Rxc1 32. Rxc1 Rb8 33. Rc6 Kf7
34. Bc1 Rb7 35. Kc4 Na7 36. b5 Ke6 37. Be3 Nxc6 38. bxc6 Rc7 39. Kb4 Rxc6 40.
Kxa4 Kd5 0-1

[Event "NCL978 SW Dragons-Midland Ms"]
[Site "Rd1"]
[Date "1997.10.25"]
[Round "1.7"]
[White "Saunders, John"]
[Black "Grinsell, Lee"]
[Result "1/2-1/2"]
[WhiteElo "2225"]
[BlackElo "2190"]
[PlyCount "67"]
[EventDate "1997.10.25"]
[Source "4NCL"]
[SourceDate "1998.01.01"]

1. e4 c5 2. c3 Nf6 3. e5 Nd5 4. d4 cxd4 5. Nf3 e6 6. cxd4 Nc6 7. Nc3 Nxc3 8.
bxc3 d5 9. exd6 Bxd6 10. Bd3 Qa5 11. Bd2 Qh5 12. h3 f5 13. O-O O-O 14. Re1 Bd7
15. Rb1 Rab8 16. Bc4 Nd8 17. Qb3 Re8 18. a4 h6 19. Ne5 Bxe5 20. Rxe5 Kh8 21.
Be2 Qf7 22. Bf3 Bc6 23. d5 exd5 24. Bxd5 Bxd5 25. Rxe8+ Qxe8 26. Qxd5 Qe6 27.
c4 Qxd5 28. cxd5 Rc8 29. Bb4 Rc7 30. Re1 Rd7 31. d6 Nc6 32. Re7 Rd8 33. Rxb7
Nxb4 34. Rxb4 1/2-1/2

[Event "NCL978 SW Dragons-Midland Ms"]
[Site "Rd1"]
[Date "1997.10.25"]
[Round "1.8"]
[White "Regan, Natasha"]
[Black "Richmond, Jane"]
[Result "1-0"]
[WhiteElo "2170"]
[BlackElo "2175"]
[PlyCount "56"]
[EventDate "1997.10.25"]
[Source "4NCL"]
[SourceDate "1998.01.01"]

1. e4 e6 2. d4 d5 3. Nc3 Bb4 4. e5 c5 5. Bd2 cxd4 6. Nb5 Bf8 7. f4 Nc6 8. Nf3
f6 9. exf6 Nxf6 10. Bd3 Bd6 11. O-O O-O 12. Kh1 a6 13. Nbxd4 Qc7 14. Qe1 Nxd4
15. Nxd4 Qf7 16. c4 Bd7 17. Bb4 Bxb4 18. Qxb4 Qh5 19. Be2 Qh4 20. Qe1 Qh6 21.
Rc1 Ne4 22. f5 exf5 23. cxd5 f4 24. Kg1 Qb6 25. Qd1 Rad8 26. b3 Bb5 27. Bxb5
axb5 28. Kh1 Rf6 1-0

[Event "NCL978 BCM-Invicta Kts"]
[Site "Rd1"]
[Date "1997.10.25"]
[Round "1.1"]
[White "Chandler, Murray"]
[Black "Ledger, Andrew"]
[Result "0-1"]
[WhiteElo "2555"]
[BlackElo "2415"]
[PlyCount "111"]
[EventDate "1997.10.25"]
[Source "4NCL"]
[SourceDate "1998.01.01"]

1. e4 c6 2. d4 d5 3. Nd2 dxe4 4. Nxe4 Nd7 5. Ng5 Ndf6 6. N1f3 Bg4 7. Be2 Bxf3
8. Bxf3 e6 9. O-O Bd6 10. g3 Ne7 11. b3 O-O 12. c4 Qa5 13. a3 Rad8 14. Qe2 Nf5
15. Bd2 Qa6 16. Bc3 Bb8 17. Rfd1 Qb6 18. Qb2 Rd7 19. Ne4 Nxe4 20. Bxe4 Rfd8 21.
c5 Qc7 22. d5 cxd5 23. Bxf5 exf5 24. Bxg7 Qxc5 25. Bf6 Re8 26. Rac1 Qb5 27. Re1
Rd6 28. Qd4 Rxe1+ 29. Rxe1 Re6 30. Rc1 Rc6 31. Re1 Re6 32. Rxe6 fxe6 33. Qh4
Qe8 34. Qh6 Qg6 35. Qh4 f4 36. Bd4 Qb1+ 37. Kg2 Qe4+ 38. Kh3 Qxd4 39. Qd8+ Kf7
40. Qd7+ Kf6 41. Qd8+ Kf5 42. Qxb8 Qxf2 43. Qxb7 f3 44. Qxh7+ Ke5 45. Qg7+ Ke4
46. Qh7+ Ke3 47. Qxa7+ d4 48. Qc5 Kd2 49. Qb4+ Ke2 50. Qc4+ d3 51. b4 Qe3 52.
b5 f2 53. Qg4+ Ke1 54. Qb4+ d2 55. Qb1+ d1=Q 56. Qb4+ 0-1

[Event "NCL978 BCM-Invicta Kts"]
[Site "Rd1"]
[Date "1997.10.25"]
[Round "1.2"]
[White "Gormally, Danny"]
[Black "Mestel, Jonathan"]
[Result "1-0"]
[WhiteElo "2425"]
[BlackElo "2500"]
[PlyCount "149"]
[EventDate "1997.10.25"]
[Source "4NCL"]
[SourceDate "1998.01.01"]

1. d4 g6 2. Nf3 Bg7 3. c4 Nf6 4. Nc3 d6 5. e4 O-O 6. Be2 Nbd7 7. O-O e5 8. Be3
c6 9. Qc2 Ng4 10. Bg5 f6 11. Bc1 exd4 12. Nxd4 Nc5 13. Bxg4 Bxg4 14. f3 Bc8 15.
Be3 f5 16. b4 Ne6 17. Rad1 f4 18. Bf2 Be5 19. Nce2 Qf6 20. Rd2 Nd8 21. c5 dxc5
22. Qxc5 Nf7 23. Rfd1 g5 24. b5 cxb5 25. Nc3 a6 26. Nd5 Qd6 27. Nf5 Qxc5 28.
Bxc5 Bxf5 29. Bxf8 Bxe4 30. Bc5 Bxd5 31. Rxd5 Rc8 32. Be7 Rc2 33. a3 h6 34. Rd7
Bc7 35. h4 Ne5 36. R7d2 Rxd2 37. Rxd2 Bb6+ 38. Kh1 Kf7 39. Bb4 a5 40. Bc3 Ke6
41. Rb2 b4 42. Bxe5 Kxe5 43. axb4 a4 44. Ra2 gxh4 45. Kh2 Kd5 46. Rxa4 Kc4 47.
Ra8 Be3 48. Kh3 b5 49. Kxh4 Kxb4 50. Kg4 Kc3 51. Rc8+ Kb3 52. Kf5 h5 53. Ke4 h4
54. Rh8 b4 55. Rxh4 Kc3 56. Rh7 b3 57. Rc7+ Kd2 58. Rb7 Kc3 59. g4 Bc5 60. g5
Bb4 61. Rh7 b2 62. Rh1 Kc2 63. g6 Bc3 64. Kxf4 Bd2+ 65. Kg4 Bc1 66. g7 b1=Q 67.
g8=Q Qb4+ 68. Kh3 Bf4 69. Qc8+ Kd3 70. Qe6 Qf8 71. Rd1+ Kc3 72. Qc6+ Kb2 73.
Qb5+ Ka2 74. Qb1+ Ka3 75. Rd3+ 1-0

[Event "NCL978 BCM-Invicta Kts"]
[Site "Rd1"]
[Date "1997.10.25"]
[Round "1.3"]
[White "Wall, Tim"]
[Black "McDonald, Neil"]
[Result "1/2-1/2"]
[WhiteElo "2375"]
[BlackElo "2490"]
[PlyCount "77"]
[EventDate "1997.10.25"]
[Source "4NCL"]
[SourceDate "1998.01.01"]

1. e4 c5 2. Nf3 d6 3. Nc3 Nf6 4. g3 Nc6 5. Bg2 g6 6. O-O Bg7 7. d3 O-O 8. h3
Rb8 9. a4 a6 10. Be3 b5 11. axb5 axb5 12. Qd2 b4 13. Ne2 Re8 14. Bh6 Bh8 15.
Ng5 d5 16. Qf4 e5 17. Qh4 b3 18. c3 dxe4 19. Rfd1 Qb6 20. dxe4 Ba6 21. Bf1 Rbd8
22. Rxd8 Rxd8 23. Nf3 Rd6 24. Bg5 Bg7 25. Nd2 h5 26. Nc1 Bxf1 27. Ra8+ Kh7 28.
Kxf1 Na5 29. Kg2 Rxd2 30. Bxd2 Nc4 31. Bg5 Qc6 32. Rc8 Qxc8 33. Bxf6 Bh6 34.
Nxb3 Qb7 35. Nxc5 Qxb2 36. Bg5 Ne3+ 37. Bxe3 Bxe3 38. Nd3 Qxc3 39. Qf6 1/2-1/2

[Event "NCL978 BCM-Invicta Kts"]
[Site "Rd1"]
[Date "1997.10.25"]
[Round "1.4"]
[White "Vigus, James"]
[Black "Giddins, Steve"]
[Result "1-0"]
[WhiteElo "2255"]
[BlackElo "2375"]
[PlyCount "63"]
[EventDate "1997.10.25"]
[Source "4NCL"]
[SourceDate "1998.01.01"]

1. d4 e6 2. g3 Nf6 3. Bg2 d5 4. Nf3 Be7 5. c4 O-O 6. O-O dxc4 7. Ne5 Nc6 8.
Nxc6 bxc6 9. e3 Nd5 10. Qa4 Nb6 11. Qc2 Ba6 12. Bxc6 Rb8 13. Nc3 Nd5 14. Nxd5
exd5 15. e4 dxe4 16. Bxe4 h6 17. Rd1 Qd7 18. b3 Bf6 19. bxc4 Bxd4 20. Be3 c5
21. Bxd4 cxd4 22. Bd5 Qg4 23. Qa4 Rb6 24. c5 Rf6 25. Qxd4 Qf5 26. Be4 Qh3 27.
c6 Re8 28. Re1 Rfe6 29. Re3 Kh8 30. Qxa7 Bc8 31. Rae1 R6e7 32. Bg2 1-0

[Event "NCL978 BCM-Invicta Kts"]
[Site "Rd1"]
[Date "1997.10.25"]
[Round "1.6"]
[White "Bibby, Simon"]
[Black "Friedgood, David"]
[Result "0-1"]
[WhiteElo "2210"]
[BlackElo "2240"]
[PlyCount "94"]
[EventDate "1997.10.25"]
[Source "4NCL"]
[SourceDate "1998.01.01"]

1. e4 c5 2. c3 d6 3. d4 Nf6 4. Bd3 Nc6 5. Nf3 Bg4 6. d5 Ne5 7. Nxe5 dxe5 8.
Qxg4 Nxg4 9. Bb5+ Qd7 10. a4 O-O-O 11. Bxd7+ Kxd7 12. Nd2 e6 13. h3 Nf6 14. c4
exd5 15. cxd5 c4 16. Nxc4 Nxe4 17. Be3 Bc5 18. Nxe5+ Ke7 19. Bxc5+ Nxc5 20. O-O
f6 21. Nc4 Rxd5 22. Ne3 Rd7 23. a5 {(Draw offer)} Nd3 24. Rfd1 Rhd8 25. Rd2 g6
26. Nc4 Rd4 27. Ra3 Rxc4 28. Rdxd3 Rxd3 29. Rxd3 Rb4 30. b3 a6 31. Kf1 Rb5 32.
Ke2 Rxa5 33. Ke3 Ke6 34. g3 Re5+ 35. Kf3 a5 36. h4 b5 37. Rd4 Rc5 38. Rd3 a4
39. bxa4 bxa4 40. Ke4 f5+ 41. Kf4 Ra5 42. Ra3 h6 43. f3 Kd6 44. g4 fxg4 45.
fxg4 Kc5 46. Ra1 Kb4 47. Rb1+ Kc3 0-1

[Event "NCL978 BCM-Invicta Kts"]
[Site "Rd1"]
[Date "1997.10.25"]
[Round "1.8"]
[White "Richards, Heather"]
[Black "Bellin, Jana"]
[Result "0-1"]
[WhiteElo "1879"]
[BlackElo "2175"]
[PlyCount "82"]
[EventDate "1997.10.25"]
[Source "4NCL"]
[SourceDate "1998.01.01"]

1. e4 c6 2. d4 d5 3. f3 g6 4. Be3 Bg7 5. e5 c5 6. c3 Nc6 7. f4 cxd4 8. cxd4 Nh6
9. Nf3 Bg4 10. Bb5 Nf5 11. Bf2 Qb6 12. Nc3 O-O 13. O-O e6 14. Bxc6 bxc6 15. Na4
Qb4 16. b3 Bxf3 17. Qxf3 Nxd4 18. Qd3 c5 19. Rac1 Rfc8 20. Nxc5 Nf5 21. a4 Qxf4
22. Rce1 Qb4 23. Na6 Qc3 24. Qb5 Bxe5 25. g4 Nd4 26. Bxd4 Qxd4+ 27. Kh1 Rc2 28.
Re2 Rxe2 29. Qxe2 Rc8 30. Qf3 f6 31. Rf2 Rc6 32. Qe2 Rxa6 33. Kg2 Qe4+ 34. Qxe4
dxe4 35. Re2 f5 36. gxf5 exf5 37. h3 Rb6 38. Re3 Rb4 39. h4 f4 40. Rh3 f3+ 41.
Kf2 Rxb3 0-1

[Event "NCL978 Richmond-Barbican"]
[Site "Rd1"]
[Date "1997.10.25"]
[Round "1.1"]
[White "McShane, Luke"]
[Black "Davies, Nigel"]
[Result "0-1"]
[WhiteElo "2455"]
[BlackElo "2505"]
[PlyCount "62"]
[EventDate "1997.10.25"]
[Source "4NCL"]
[SourceDate "1998.01.01"]

1. e4 c5 2. Nf3 e6 3. d3 Nc6 4. g3 Nf6 5. Bg2 Be7 6. O-O O-O 7. Nbd2 d5 8. Re1
b5 9. e5 Ne8 10. h4 a5 11. Nf1 b4 12. N1h2 a4 13. a3 bxa3 14. bxa3 Nc7 15. Bg5
Ba6 16. Qd2 Rb8 17. Ng4 Kh8 18. Bxe7 Qxe7 19. h5 h6 20. Qf4 Rb2 21. Rab1 Rxb1
22. Rxb1 c4 23. Rb6 Qc5 24. Rxa6 Nxa6 25. Nxh6 f5 26. dxc4 Nc7 27. Nh4 Kh7 28.
cxd5 Nxd5 29. Bxd5 Qxd5 30. Ng6 Rb8 31. Kh2 gxh6 0-1

[Event "NCL978 Richmond-Barbican"]
[Site "Rd1"]
[Date "1997.10.25"]
[Round "1.3"]
[White "Williams, Simon"]
[Black "Duncan, Chris"]
[Result "1/2-1/2"]
[WhiteElo "2310"]
[BlackElo "2325"]
[PlyCount "79"]
[EventDate "1997.10.25"]
[Source "4NCL"]
[SourceDate "1998.01.01"]

1. c4 g6 2. Nc3 c5 3. g3 Bg7 4. Bg2 Nc6 5. d3 e6 6. e4 Nge7 7. Nge2 d6 8. h4 b6
9. Be3 Nd4 10. e5 Bd7 11. Ne4 Bxe5 12. Nxd4 cxd4 13. Bxd4 Bc6 14. Bxe5 dxe5 15.
O-O Bxe4 16. Bxe4 Rc8 17. Qe2 O-O 18. Rad1 Qd4 19. b3 Rfd8 20. Rfe1 Rc7 21. Bf3
f6 22. Bg4 Kf7 23. Kg2 h5 24. Bxh5 gxh5 25. Qxh5+ Kf8 26. Re4 Qd7 27. Qh6+ Kf7
28. Qh7+ Ke8 29. Qg7 Qc6 30. Qxf6 Rd4 31. Qxe5 Rcd7 32. Rde1 Rxe4 33. dxe4 Kd8
34. h5 Qd6 35. Qxd6 Rxd6 36. g4 Ke8 37. Re2 Kf7 38. f4 Rd4 39. g5 Rd3 40. Kf2
1/2-1/2

[Event "NCL978 Richmond-Barbican"]
[Site "Rd1"]
[Date "1997.10.25"]
[Round "1.4"]
[White "Lehtivaara, Petri"]
[Black "Wall, Gavin"]
[Result "1-0"]
[WhiteElo "2370"]
[BlackElo "2330"]
[PlyCount "65"]
[EventDate "1997.10.25"]
[Source "4NCL"]
[SourceDate "1998.01.01"]

1. d4 f5 2. g3 Nf6 3. Bg2 g6 4. c4 Bg7 5. Nf3 O-O 6. O-O d6 7. Nc3 Qe8 8. d5
Na6 9. Nd4 Bd7 10. e4 fxe4 11. Nxe4 Nxe4 12. Bxe4 Nc5 13. Bg2 a5 14. Be3 c6 15.
Qd2 cxd5 16. cxd5 Qf7 17. Rfe1 a4 18. Rab1 Rfc8 19. Bg5 Bf6 20. Bxf6 exf6 21.
Ne6 Bb5 22. Nxc5 Rxc5 23. Qf4 Rd8 24. Re6 g5 25. Qd4 Rdc8 26. h3 Bc4 27. b3
axb3 28. axb3 Qg6 29. Rb2 Bd3 30. Rxd6 Rc1+ 31. Kh2 Re1 32. Rxf6 Qg7 33. d6 1-0

[Event "NCL978 Richmond-Barbican"]
[Site "Rd1"]
[Date "1997.10.25"]
[Round "1.5"]
[White "Phillips, Roy"]
[Black "Sands, David"]
[Result "1-0"]
[WhiteElo "2230"]
[BlackElo "2255"]
[PlyCount "59"]
[EventDate "1997.10.25"]
[Source "4NCL"]
[SourceDate "1998.01.01"]

1. e4 c5 2. Nf3 Nc6 3. d3 g6 4. g3 Bg7 5. Bg2 d6 6. O-O e5 7. Nbd2 Nge7 8. c3
O-O 9. a3 Kh8 10. b4 f5 11. Nb3 cxb4 12. axb4 b5 13. Na5 f4 14. d4 Nxa5 15.
Rxa5 Qb6 16. Qd3 a6 17. Bb2 Nc6 18. Ra3 exd4 19. cxd4 Bg4 20. Qd2 fxg3 21. hxg3
Bxf3 22. Rxf3 Nxd4 23. Rd3 Nc6 24. Rxd6 Rac8 25. Bxg7+ Kxg7 26. Qc3+ Kh6 27. e5
Rxf2 28. Rxf2 Rf8 29. Qd2+ Kg7 30. Rxc6 1-0

[Event "NCL978 Richmond-Barbican"]
[Site "Rd1"]
[Date "1997.10.25"]
[Round "1.6"]
[White "Dishman, Stephen"]
[Black "Hinks-Edwards, Tom"]
[Result "1-0"]
[WhiteElo "2325"]
[BlackElo "2255"]
[PlyCount "65"]
[EventDate "1997.10.25"]
[Source "4NCL"]
[SourceDate "1998.01.01"]

1. d4 g6 2. e4 Bg7 3. Nf3 c6 4. c3 d5 5. Nbd2 Bg4 6. Bd3 Nd7 7. exd5 cxd5 8.
Qb3 Bxf3 9. Nxf3 Ngf6 10. Qxb7 O-O 11. O-O a5 12. Bf4 Nh5 13. Bc7 Qc8 14. Qxc8
Rfxc8 15. Bg3 Nxg3 16. hxg3 Rab8 17. Rab1 Nb6 18. Bb5 Nc4 19. Bxc4 Rxc4 20.
Rfc1 a4 21. b3 Rc7 22. bxa4 Rxb1 23. Rxb1 e6 24. a5 Rxc3 25. Rb8+ Bf8 26. Ne5
Kg7 27. Rb7 Ra3 28. Rxf7+ Kg8 29. Ra7 Rxa2 30. a6 Bd6 31. Nc6 Rc2 32. Ra8+ Kg7
33. a7 1-0

[Event "NCL978 Richmond-Barbican"]
[Site "Rd1"]
[Date "1997.10.25"]
[Round "1.7"]
[White "Franklin, Michael"]
[Black "Kenworthy, Gary"]
[Result "1/2-1/2"]
[WhiteElo "2220"]
[BlackElo "2265"]
[PlyCount "52"]
[EventDate "1997.10.25"]
[Source "4NCL"]
[SourceDate "1998.01.01"]

1. c4 g6 2. Nc3 Bg7 3. g3 e5 4. Bg2 Ne7 5. e3 O-O 6. Nge2 d6 7. O-O c5 8. b3
Nbc6 9. Bb2 Rb8 10. d3 a6 11. Qd2 b5 12. f4 Be6 13. Nd5 f5 14. Nec3 Qd7 15.
Rfd1 h6 16. Nxe7+ Nxe7 17. Nd5 Nc6 18. Rac1 Rf7 19. Kh1 g5 20. Qe2 g4 21. fxe5
Bxe5 22. cxb5 Bxd5 23. bxc6 Qxc6 24. e4 fxe4 25. dxe4 Be6 26. Rc2 c4 1/2-1/2

[Event "NCL978 Richmond-Barbican"]
[Site "Rd1"]
[Date "1997.10.25"]
[Round "1.8"]
[White "Thompson, Tracey"]
[Black "Bates, Ruth"]
[Result "1/2-1/2"]
[WhiteElo "2030"]
[BlackElo "2050"]
[PlyCount "63"]
[EventDate "1997.10.25"]
[Source "4NCL"]
[SourceDate "1998.01.01"]

1. e4 g6 2. d4 Bg7 3. Nc3 c6 4. Nf3 d6 5. Be2 Nf6 6. O-O O-O 7. Bg5 h6 8. Be3
Qc7 9. Nd2 e5 10. f4 Nbd7 11. Bf3 Re8 12. Ne2 exf4 13. Nxf4 g5 14. Nd3 g4 15.
Bxg4 Nxe4 16. Bxd7 Qxd7 17. Nxe4 Rxe4 18. Qf3 Qe7 19. Bf2 Bg4 20. Qg3 Re8 21.
Rfe1 f5 22. h3 Bh5 23. Nf4 Bf7 24. Rad1 Qf6 25. c3 Rxe1+ 26. Rxe1 Rxe1+ 27.
Bxe1 Bxa2 28. Nh5 Qe7 29. Nxg7 Qxg7 30. Qxd6 Bd5 31. Qg3 Qxg3 32. Bxg3 1/2-1/2

[Event "NCL978 Wood Green-Bristol"]
[Site "Rd1"]
[Date "1997.10.25"]
[Round "1.1"]
[White "Emms, John"]
[Black "Ansell, Simon"]
[Result "1/2-1/2"]
[WhiteElo "2530"]
[BlackElo "2390"]
[PlyCount "77"]
[EventDate "1997.10.25"]
[Source "4NCL"]
[SourceDate "1998.01.01"]

1. e4 c5 2. c3 d5 3. exd5 Qxd5 4. d4 Nf6 5. Nf3 g6 6. Na3 Bg7 7. Nb5 Na6 8. Be2
O-O 9. O-O cxd4 10. cxd4 Bg4 11. Nc3 Qd8 12. h3 Be6 13. Bf4 Nb4 14. Be5 Nbd5
15. Ng5 Bd7 16. Qb3 Bc6 17. Bf3 e6 18. Rfe1 Rc8 19. Rad1 Qd7 20. Qa3 Nxc3 21.
bxc3 h6 22. Ne4 Nxe4 23. Bxe4 Bxe4 24. Rxe4 Qc6 25. Bxg7 Kxg7 26. Re3 Rfd8 27.
Rb1 a6 28. Rb4 b5 29. Qb2 Rd5 30. Qa1 a5 31. Rb1 Qc4 32. Qb2 h5 33. h4 Rf5 34.
g3 Rd5 35. Qa3 Qc7 36. Qb2 Qc4 37. Qa3 Qc7 38. Qb2 Qc4 39. Qa3 1/2-1/2

[Event "NCL978 Wood Green-Bristol"]
[Site "Rd1"]
[Date "1997.10.25"]
[Round "1.2"]
[White "Mah, Karl"]
[Black "Ward, Chris"]
[Result "0-1"]
[WhiteElo "2365"]
[BlackElo "2485"]
[PlyCount "124"]
[EventDate "1997.10.25"]
[Source "4NCL"]
[SourceDate "1998.01.01"]

1. d4 Nf6 2. c4 e6 3. Nf3 c5 4. d5 d6 5. Nc3 exd5 6. cxd5 g6 7. g3 Bg7 8. Bg2
O-O 9. Nd2 Nbd7 10. O-O a6 11. a4 Re8 12. Nc4 Ne5 13. Ne3 Nfg4 14. Nc2 f5 15.
h3 Nf6 16. b4 cxb4 17. Nxb4 Qa5 18. Qb3 Nfd7 19. Nc6 Nf3+ 20. Bxf3 Qxc3 21.
Qxc3 Bxc3 22. Ra3 Bf6 23. Na5 Ne5 24. Bg2 Bd8 25. Nb3 Nc4 26. Ra2 Bf6 27. e3
Bd7 28. Nd2 Rac8 29. Nxc4 Rxc4 30. a5 Rec8 31. Bd2 Bc3 32. Rb1 Bxd2 33. Rxd2
Rc1+ 34. Rd1 Rxd1+ 35. Rxd1 Kf7 36. Rb1 Bb5 37. g4 Kf6 38. gxf5 gxf5 39. Rb4
Rc1+ 40. Kh2 Ra1 41. Rh4 Kg7 42. Rf4 Rxa5 43. Rxf5 Ra2 44. Rg5+ Kf6 45. Rg8 a5
46. Rb8 Ba6 47. Re8 a4 48. Re6+ Kf7 49. Rxd6 Rxf2 50. Rd7+ Ke8 51. Rc7 a3 52.
Kg3 a2 53. Rc1 Rc2 54. Ra1 Bc4 55. Be4 Rd2 56. Kf4 b5 57. Ke5 b4 58. Ke6 b3 59.
Rg1 Kf8 60. Rc1 Bxd5+ 61. Bxd5 Rxd5 62. Rc8+ Kg7 0-1

[Event "NCL978 Wood Green-Bristol"]
[Site "Rd1"]
[Date "1997.10.25"]
[Round "1.3"]
[White "Pein, Malcolm"]
[Black "Beaumont, Chris"]
[Result "1-0"]
[WhiteElo "2430"]
[BlackElo "2345"]
[PlyCount "75"]
[EventDate "1997.10.25"]
[Source "4NCL"]
[SourceDate "1998.01.01"]

1. e4 c5 2. Nc3 g6 3. Nf3 Bg7 4. d4 cxd4 5. Nxd4 Nc6 6. Be3 Nf6 7. Bc4 O-O 8.
Bb3 d6 9. h3 Bd7 10. O-O Rc8 11. Re1 Ne5 12. Qe2 Rxc3 13. bxc3 Nxe4 14. f4 Nc6
15. Qd3 Nc5 16. Nxc6 Nxd3 17. Nxd8 Nxe1 18. Nxf7 Rxf7 19. Bxf7+ Kxf7 20. Rxe1
Bxc3 21. Rd1 a6 22. Bd4 Ba5 23. c3 Bc7 24. Kf2 Bc6 25. Re1 Bd5 26. a3 e6 27. g4
Bc4 28. Kg3 Bd5 29. g5 Bc4 30. Re3 Bb3 31. h4 Ke7 32. Re1 Kd7 33. h5 Kc6 34. f5
e5 35. fxg6 hxg6 36. h6 Bg8 37. Be3 Bd8 38. Rh1 1-0

[Event "NCL978 Wood Green-Bristol"]
[Site "Rd1"]
[Date "1997.10.25"]
[Round "1.4"]
[White "Baker, Chris W"]
[Black "Littlewood, Paul"]
[Result "1/2-1/2"]
[WhiteElo "2295"]
[BlackElo "2435"]
[PlyCount "36"]
[EventDate "1997.10.25"]
[Source "4NCL"]
[SourceDate "1998.01.01"]

1. e4 e5 2. Nf3 Nc6 3. Bc4 Nf6 4. d3 Be7 5. O-O O-O 6. c3 a6 7. Re1 d6 8. Bb3
h6 9. Nbd2 Re8 10. Nf1 Bf8 11. Ng3 b5 12. a4 b4 13. a5 bxc3 14. bxc3 Na7 15. d4
Bd7 16. h3 c5 17. Qe2 Nb5 18. Qa2 Be6 1/2-1/2

[Event "NCL978 Wood Green-Bristol"]
[Site "Rd1"]
[Date "1997.10.25"]
[Round "1.5"]
[White "Poulton, James"]
[Black "Burgess, Graham"]
[Result "1-0"]
[WhiteElo "2365"]
[BlackElo "2315"]
[PlyCount "53"]
[EventDate "1997.10.25"]
[Source "4NCL"]
[SourceDate "1998.01.01"]

1. d4 Nf6 2. Nf3 g6 3. g3 Bg7 4. Bg2 O-O 5. O-O d6 6. Nc3 Nc6 7. d5 Na5 8. e4
c6 9. Qe2 Bg4 10. Rd1 b5 11. dxc6 b4 12. Nd5 Nxc6 13. h3 Nxd5 14. hxg4 Nb6 15.
a3 bxa3 16. Rxa3 Qc8 17. g5 Qe6 18. Bf1 Rfc8 19. c3 Ne5 20. Nxe5 Qxe5 21. Bf4
Qe6 22. Rda1 Rc7 23. Be3 Nc8 24. Qb5 Qe5 25. Qb4 Qe6 26. Ra6 Qd7 27. Bb5 1-0

[Event "NCL978 Wood Green-Bristol"]
[Site "Rd1"]
[Date "1997.10.25"]
[Round "1.6"]
[White "Cobb, Charles"]
[Black "Sowray, Peter"]
[Result "1/2-1/2"]
[WhiteElo "2290"]
[BlackElo "2350"]
[PlyCount "158"]
[EventDate "1997.10.25"]
[Source "4NCL"]
[SourceDate "1998.01.01"]

1. d4 Nf6 2. Nf3 c5 3. c3 b6 4. Bf4 Bb7 5. e3 g6 6. Be2 Bg7 7. O-O O-O 8. h3 d6
9. Nbd2 Nbd7 10. a4 cxd4 11. cxd4 Nd5 12. Bg3 a5 13. Ne1 Nb4 14. Nd3 Nxd3 15.
Bxd3 Nf6 16. Qb3 Rb8 17. Bc4 Bc6 18. Rfc1 Qd7 19. d5 Bxa4 20. Qxa4 Qxa4 21.
Rxa4 b5 22. Rxa5 bxc4 23. Rc2 Rfc8 24. Rxc4 Rxc4 25. Nxc4 h6 26. Ra7 Bf8 27. f3
Rb4 28. Na5 Nxd5 29. e4 Ne3 30. Bf4 Nc4 31. Nc6 Rxb2 32. Nxe7+ Bxe7 33. Rxe7 g5
34. Rc7 Rb4 35. Bg3 Rb1+ 36. Kh2 Nd2 37. Bxd6 Nf1+ 38. Kg1 f5 39. exf5 Ne3+ 40.
Kf2 Nxf5 41. Be5 Rb5 42. Bc3 Nd6 43. Rg7+ Kf8 44. Rg6 Nf5 45. g4 Rb3 46. gxf5
Rxc3 47. Rxh6 Rc5 48. Rh5 Rxf5 49. h4 Kf7 50. Rxg5 Rf4 51. Kg3 Ra4 52. f4 Ra1
53. Kg4 Rh1 54. Ra5 Kg7 55. h5 Kh6 56. Ra6+ Kg7 57. Kg5 Rg1+ 58. Kf5 Rb1 59.
h6+ Kh7 60. Kg5 Rg1+ 61. Kf5 Rb1 62. Re6 Rb5+ 63. Re5 Rb1 64. Re6 Rb5+ 65. Kf6
Kxh6 66. f5 Kh7 67. Re5 Rb8 68. Kf7 Ra8 69. f6 Ra7+ 70. Re7 Ra8 71. Rd7 Rb8 72.
Ke6+ Kg8 73. Ke7 Ra8 74. Ke6 Ra6+ 75. Ke7 Ra8 76. Rb7 Rc8 77. Ke6 Rc6+ 78. Ke7
Rc8 79. f7+ Kg7 1/2-1/2

[Event "NCL978 Wood Green-Bristol"]
[Site "Rd1"]
[Date "1997.10.25"]
[Round "1.7"]
[White "Law, Andrew"]
[Black "Collier, David"]
[Result "0-1"]
[WhiteElo "2330"]
[BlackElo "2235"]
[PlyCount "66"]
[EventDate "1997.10.25"]
[Source "4NCL"]
[SourceDate "1998.01.01"]

1. d4 Nf6 2. c4 e6 3. Nc3 Bb4 4. Bg5 h6 5. Bh4 Bxc3+ 6. bxc3 d6 7. e3 g5 8. Bg3
Qe7 9. Bd3 e5 10. c5 b6 11. cxd6 cxd6 12. Ne2 Bb7 13. O-O h5 14. f3 Nbd7 15. a4
h4 16. Bf2 e4 17. fxe4 Nxe4 18. a5 h3 19. gxh3 Rxh3 20. axb6 Nxb6 21. Qe1 g4
22. Bg3 O-O-O 23. Rxa7 Kb8 24. Rxb7+ Qxb7 25. Bxe4 Qxe4 26. Nf4 Rh6 27. c4 Kc8
28. c5 dxc5 29. dxc5 Nc4 30. Ng2 Ne5 31. Qa5 Re6 32. Ra1 Rd2 33. Qxd2 Nf3+ 0-1

[Event "NCL978 Wood Green-Bristol"]
[Site "Rd1"]
[Date "1997.10.25"]
[Round "1.8"]
[White "Shah, Arpi"]
[Black "Buckley, Melanie"]
[Result "1/2-1/2"]
[WhiteElo "1896"]
[BlackElo "2025"]
[PlyCount "79"]
[EventDate "1997.10.25"]
[Source "4NCL"]
[SourceDate "1998.01.01"]

1. e4 c6 2. d4 d5 3. exd5 cxd5 4. Bd3 Nc6 5. c3 Nf6 6. Bf4 Bg4 7. Nf3 Qb6 8.
Qb3 Qxb3 9. axb3 Bxf3 10. gxf3 e6 11. Na3 Nh5 12. Be3 a6 13. Nc2 Bd6 14. Bb5
Kd7 15. Be2 Nf4 16. Kd2 Nxe2 17. Kxe2 Ne7 18. Ne1 Rhc8 19. Nd3 Nf5 20. Rac1 a5
21. Ra1 Ra6 22. h3 Rcc6 23. Ra2 Rcb6 24. Rha1 Rxb3 25. Rxa5 Rbb6 26. Rxa6 bxa6
27. b4 Rc6 28. Nc5+ Bxc5 29. dxc5 Ne7 30. Kd3 Kc7 31. Rg1 Nf5 32. Ra1 Kb7 33.
c4 dxc4+ 34. Kxc4 Rc7 35. Rd1 Kc6 36. Ra1 Kb7 37. Rd1 Kc6 38. Ra1 Kb7 39. Rd1
Kc6 40. Ra1 1/2-1/2